Ultimate Star Wars Quiz - Statistics

General Stats
  • This quiz has been taken 78 times
  • The average score is 42 of 60
Answer Stats
Hint Answer % Correct
Who is the Chosen One? Darth Vader
100%
Who Kills Qui Gon Jinn? Darth Maul
98%
Who Kills General Grievous? Obi Wan Kenobi
98%
Who is the creator of Star Wars George Lucas
96%
What color is Mace Windu's Lightsaber Purple
96%
What planet is Anakin Skywalker from Tatooine
96%
What color is Yoda's lightsaber Green
95%
In what movie does Anakin turn to the dark side Revenge of The Sith
93%
Who is Luke and Leia's Mother Padme
89%
What color is Luke Skywalker's lightsaber in A New Hope Blue
86%
What is the name of Han Solo's ship? Millennium Falcon
86%
Where do Anakin and Padme secretly get married Naboo
86%
What is the name of Episode V The Empire Strikes Back
86%
What are users of the dark side of the force called? The Sith
86%
What is Kylo Ren's real name? Ben Solo
84%
Who is Kylo Ren's Father Han Solo
82%
Who is Darth Vader's Son? Luke Skywalker
82%
What hand does Anakin lose when dueling Count Dooku for the first time? Right Hand
82%
Who killed Mace Windu? Emperor Palpatine
80%
Who Kills Jango Fett Mace Windu
80%
In what movie does Luke find out Leia is his sister? Return of the Jedi
80%
Who was Qui Gon Jinn's master? Count Dooku
79%
Who collects Jedi's lightsabers after killing them? General Grievous
79%
What was the name of the order Emperor Palpatine told the Clone to execute in Episode 3 Order 66
79%
Who is Palpatine's granddaughter? Rey
79%
How many engines does a X-wing fighter have 4
77%
What is the name of the floating city in the upper atmosphere of Bespin Cloud City
77%
What planet do Anakin and Obi Wan Kenobi battle on at the end of Episode 3 Mustafar
77%
What is the name of the bounty hunter who captured Han Solo? Boba Fett
75%
How many members are in the Jedi Council 12
73%
What year did the first Star Wars movie release? 1977
73%
Who said " It's a Trap!" in Return Of The Jedi Admiral Ackbar
73%
What was Han Solo frozen in? Carbonite
73%
What is Baby Yoda's real name Grogu
73%
Why does Anakin hate sand It's coarse and rough and irritating, and it gets everywhere
73%
Who killed Snoke? Kylo Ren
73%
Who was Obi Wan Kenobi's master Qui Gon Jinn
73%
Who was Anakin Skywalker's Padawan? Ahsoka
71%
What species is Jar Jar Binks? Gungan
70%
Who did Anakin slaughter in the Jedi temple Younglings
70%
What planet were the clones made on? Kamino
68%
Who killed Anakin's mother? Tusken Raiders
68%
On what planet did Luke Skywalker find Yoda? Dagobah
64%
What species is Chewbacca? Wookiee
64%
Lightsabers are powered by what type of crystal? Kyber Crystal
63%
What movie was Rey first appear in? The Force Awakens
63%
What creature helped the Rebels defeat the second Death Star? Ewoks
59%
Who was the original commander of the Death Star? Grand Moff Tarkin
59%
What is Count Dooku's sith name? Darth Tyranus
57%
How did Anakin earn his freedom Pod Racing
57%
Who does Princess Leia kill in Return Of The Jedi Jabba The Hutt
54%
What type of farmers are Luke Skywalker's aunt and uncle on Tatooine? Moisture Farmers
50%
What is the name of Anakin Skywalker's step brother? Owen Lars
50%
What droid does Anakin build as a youngling C-3P0
46%
What was Finn's stormtrooper number? FN-2187
39%
What is the name of Boba Fett's Ship? Slave I
34%
Where was Baby Yoda during Order 66? Coruscant
21%
What species stole the plans to the death star? Bothans
18%
What type of gas was mined on Cloud City? Tibanna Gas
14%
Why does Anakin turn to the dark side To Save Padme's life
4%
No matching quizzes found
Score Distribution
Percent of People with Each Score
Percentile by Number Answered
Your Score History
You have not taken this quiz